00561nam a2200169Ia 4500003000500000005001700005008004100022020001900063040000800082082001700090100001800107245007100125260003900196300002800235504011800263521001000381322820220202121820.0210816s9999 xx 000 0 und d a9781845575915" cRDA a617.601 TALW aTalwar Rajesh 0aYour guide to Teeth CarecDr. Talwar Rajesh and Dr. Talwar Nupur aEngland: BerkshirebNew Dawn Press a80pbIllustrationc21cm aReinforces one awareness about teeth care both clinlcal and cosmetic through practical and planned oral healthcar aAdult